| 000 | 00527nam a2200181Ia 4500 | ||
|---|---|---|---|
| 999 |
_c28979 _d28979 |
||
| 003 | OSt | ||
| 005 | 20201203120401.0 | ||
| 008 | 190216s9999||||xx |||||||||||||| ||und|| | ||
| 020 | _a8182643252 | ||
| 040 | _coclc | ||
| 082 |
_a894.8123 _bSAN/N |
||
| 100 |
_aSandhya, B _97170 |
||
| 245 | 0 |
_aNeelakkoduveliyude Kavalkkari / _cB Sandhya |
|
| 260 |
_bMathrubhumi Printing & Publishing, _aKozhikode: _c2006. |
||
| 300 | _a152p | ||
| 650 | _aMalayalam | ||
| 942 |
_cBK _2ddc _h894.8123 _iSAN/N _k894.8123 _mSAN/N |
||